[Event "New York State-ch 137th"]
[Site "Colonie"]
[Date "2015.09.06"]
[Round "4"]
[White "Luce, Eric J"]
[Black "Kostovetsky, Daniel"]
[Result "1/2-1/2"]
[WhiteElo "1989"]
[BlackElo "1860"]
[PlyCount "68"]
[EventDate "2015.09.05"]
[EventType "swiss"]
[EventRounds "6"]
[EventCountry "USA"]
[SourceTitle "EXT 2016"]
[Source "ChessBase"]
[SourceDate "2015.10.08"]
[SourceVersion "1"]
[SourceVersionDate "2015.10.08"]
[SourceQuality "1"]

1. e4 Nc6 2. Nf3 e5 3. Nc3 Nf6 4. Bb5 Bc5 5. Bxc6 dxc6 6. d3 Bg4 7. h3 Bh5 8. Bg5 h6 9. Bxf6 Qxf6 10. g4 Bg6 11. Qe2 0-0-0 12. Kf1 h5 13. g5 Qe7 14. h4 f6 15. Na4 Bf7 16. Nxc5 Qxc5 17. Kg2 Be6 18. Rac1 Bg4 19. Qe3 Qxe3 20. fxe3 Bxf3+ 21. Kxf3 fxg5 22. hxg5 g6 23. Rcf1 Rhf8+ 24. Kg3 Kd7 25. Rf3 Rxf3+ 26. Kxf3 Ke6 27. Ke2 Rf8 28. Rh2 c5 29. c3 b5 30. c4 c6 31. b3 Ke7 32. Rf2 Rxf2+ 33. Kxf2 bxc4 34. dxc4 a5 1/2-1/2